[Event "Winnipeg TNT May op"]
[Site "Winnipeg CAN"]
[Date "2001.05.29"]
[Round "5"]
[White "Pilotte, Rick"]
[Black "Milord, Frank"]
[Result "1-0"]
[WhiteElo "100"]
[BlackElo "1768"]
[PlyCount "83"]
[GameId "2160767911564898"]
[EventDate "2001.05.??"]
[EventType "swiss"]
[EventRounds "5"]
[EventCountry "CAN"]
[SourceTitle "EXT 2005"]
[Source "ChessBase"]
[SourceDate "2004.11.15"]
[SourceVersion "1"]
[SourceVersionDate "2004.11.15"]
[SourceQuality "1"]

1. e4 d6 2. d4 Nf6 3. Nc3 g6 4. Be3 c6 5. Nf3 b5 6. b4 a5 7. a3 Bg7 8. Be2 O-O 9. O-O Nbd7 10. Bd3 axb4 11. axb4 Bb7 12. Nd2 Rxa1 13. Qxa1 Ng4 14. Qe1 c5 15. bxc5 b4 16. Nd1 dxc5 17. Nb3 Qc7 18. g3 c4 19. Bxc4 Qxc4 20. Na5 Qa6 21. Nxb7 Qxb7 22. e5 Nxe3 23. Nxe3 e6 24. Qb1 Rb8 25. Qb3 Qe4 26. c3 bxc3 27. Qxc3 Qb7 28. h4 h5 29. Rd1 Bh6 30. f4 Rc8 31. Qd3 Qf3 32. Kh2 Qc6 33. Rd2 Qc3 34. Qe2 Qa1 35. d5 exd5 36. Nxd5 Rc1 37. Kg2 Rg1+ 38. Kf2 Qa7+ 39. Ne3 Rh1 40. Qf3 Rh2+ 41. Ke1 Qa8 42. Qxa8+ 1-0

[Event "Winnipeg TNT May op"]
[Site "Winnipeg CAN"]
[Date "2001.05.29"]
[Round "5"]
[White "Tetrault, Charles"]
[Black "Gibbons, Lorne"]
[Result "1-0"]
[WhiteElo "1515"]
[BlackElo "1409"]
[PlyCount "69"]
[GameId "2160767911564899"]
[EventDate "2001.05.??"]
[EventType "swiss"]
[EventRounds "5"]
[EventCountry "CAN"]
[SourceTitle "EXT 2005"]
[Source "ChessBase"]
[SourceDate "2004.11.15"]
[SourceVersion "1"]
[SourceVersionDate "2004.11.15"]
[SourceQuality "1"]

1. e4 e5 2. f4 exf4 3. Nf3 d6 4. Bc4 Bg4 5. O-O Nc6 6. d4 Qf6 7. e5 dxe5 8. dxe5 Nxe5 9. Re1 Bd6 10. Bxf7+ Qxf7 11. Nxe5 Bxd1 12. Nxf7+ Kxf7 13. Rxd1 Nf6 14. Rf1 g5 15. Nc3 a6 16. b3 Rae8 17. Bb2 Re7 18. g3 c6 19. gxf4 Bxf4 20. Bc1 Bxc1 21. Raxc1 Rd8 22. Rf5 h6 23. Rcf1 Rd6 24. Na4 Kg6 25. Nc5 g4 26. Nd3 Nd5 27. Ne5+ Kg7 28. Nxg4 Ne3 29. Nxe3 Rxe3 30. Rf7+ Kg6 31. Rxb7 Rc3 32. Rf2 c5 33. Rbf7 a5 34. R7f3 Rxf3 35. Rxf3 1-0

[Event "Winter op"]
[Site "Kitchener CAN"]
[Date "2001.02.24"]
[Round "3"]
[White "Vucko, Ignac"]
[Black "Wilson Grange, David"]
[Result "0-1"]
[WhiteElo "1876"]
[BlackElo "1758"]
[PlyCount "92"]
[GameId "2160767911610436"]
[EventDate "2001.02.23"]
[EventType "swiss"]
[EventRounds "5"]
[EventCountry "CAN"]
[SourceTitle "CFC 2001.04"]
[Source "CFC"]
[SourceDate "2001.04.??"]
[SourceVersionDate "2001.04.??"]
[SourceQuality "1"]

1. e4 c5 2. Nf3 d6 3. c4 g6 4. b4 Bg7 5. d4 cxd4 6. Nxd4 Nc6 7. Be3 Nf6 8. Nxc6 bxc6 9. Nc3 Ng4 10. Bd4 e5 11. Be3 Nxe3 12. fxe3 O-O 13. Rb1 Kh8 14. Be2 Qh4+ 15. g3 Qe7 16. O-O Bh3 17. Rf2 f5 18. exf5 Rxf5 19. Rxf5 gxf5 20. Bf1 Bxf1 21. Qxf1 Qg5 22. Re1 Rf8 23. Qg2 e4 24. Qd2 Be5 25. Ne2 Rg8 26. Nf4 h5 27. Kh1 h4 28. Rg1 Qg4 29. Qf2 h3 30. Rf1 Rb8 31. a3 Bc3 32. Ne2 Be5 33. Nd4 Bxd4 34. exd4 Rf8 35. Qe3 Kg7 36. d5 cxd5 37. cxd5 Rf7 38. Kg1 Rc7 39. Qd2 Re7 40. Rf4 Qg5 41. Qe3 Rc7 42. Qd2 Qf6 43. Rh4 e3 44. Qd1 Qb2 45. Rh7+ Kg8 46. Rh8+ Qxh8 0-1

[Event "Xmas op"]
[Site "Toronto CAN"]
[Date "2001.12.26"]
[Round "1"]
[White "Rubanovski, Vladimir"]
[Black "Yee, Lorne"]
[Result "1-0"]
[WhiteElo "2010"]
[BlackElo "2232"]
[PlyCount "75"]
[GameId "2160767911484777"]
[EventDate "2001.12.26"]
[EventType "swiss"]
[EventRounds "5"]
[EventCountry "CAN"]

1. d4 Nf6 2. Nf3 e6 3. g3 d5 4. Bg2 Nbd7 5. O-O Be7 6. c4 O-O 7. Nc3 b6 8. Qc2 Bb7 9. cxd5 exd5 10. Bf4 c6 11. a3 Re8 12. b4 b5 13. Rfe1 Nb6 14. Ne5 Nc4 15. Nxc4 bxc4 16. e4 Nh5 17. Be3 g6 18. e5 Bc8 19. Bh6 Bf5 20. Qd1 Ng7 21. g4 Be6 22. f4 Qc8 23. h3 f5 24. Bxg7 Kxg7 25. g5 a5 26. b5 a4 27. Nxa4 Qb7 28. bxc6 Qxc6 29. Nc3 Bxa3 30. Qf3 Bb2 31. Rxa8 Rxa8 32. Nxd5 Ra3 33. Ne3 Qxf3 34. Bxf3 Bxd4 35. Kf2 Rd3 36. Bc6 c3 37. Ba4 Bc4 38. Re2 1-0

[Event "Xmas op"]
[Site "Toronto CAN"]
[Date "2001.12.28"]
[Round "3"]
[White "Bluvshtein, Mark"]
[Black "Livshits, Ron"]
[Result "1-0"]
[WhiteElo "2357"]
[BlackElo "2441"]
[PlyCount "69"]
[GameId "2160767911484778"]
[EventDate "2001.12.26"]
[EventType "swiss"]
[EventRounds "5"]
[EventCountry "CAN"]

1. d4 Nf6 2. c4 e6 3. Nc3 Bb4 4. f3 d5 5. a3 Bxc3+ 6. bxc3 c5 7. cxd5 Nxd5 8. dxc5 Qa5 9. e4 Ne7 10. Be3 O-O 11. Qb3 Na6 12. Rd1 Nc6 13. Bb5 e5 14. Ne2 Qc7 15. Bxa6 bxa6 16. Rd6 Be6 17. Qa4 Na5 18. Rxa6 Nc4 19. Rxe6 Nxe3 20. Rc6 Qd7 21. Kf2 Rac8 22. Ra6 Qe7 23. Ra5 Qg5 24. g3 f5 25. h4 Ng4+ 26. fxg4 fxe4+ 27. Ke1 Qe3 28. Qc4+ Kh8 29. Rf1 Rf3 30. c6 Rcf8 31. Rxf3 exf3 32. c7 f2+ 33. Kf1 Qf3 34. Qd5 e4 35. Qf5 1-0

[Event "Xmas op"]
[Site "Toronto CAN"]
[Date "2001.12.30"]
[Round "5"]
[White "Harkes, Lewis"]
[Black "Yee, Lorne"]
[Result "0-1"]
[WhiteElo "2102"]
[BlackElo "2232"]
[PlyCount "120"]
[GameId "2160767911484779"]
[EventDate "2001.12.26"]
[EventType "swiss"]
[EventRounds "5"]
[EventCountry "CAN"]

1. e4 d5 2. exd5 Qxd5 3. Nc3 Qd6 4. Bc4 Nf6 5. d4 a6 6. Nf3 b5 7. Bb3 Bb7 8. Ne5 e6 9. Bf4 Nc6 10. Ng6 Qxd4 11. Qxd4 Nxd4 12. Nxh8 Bxg2 13. Rg1 Nf3+ 14. Ke2 Nd4+ 15. Kd1 Bf3+ 16. Kc1 c5 17. Be5 Nc6 18. Bxf6 gxf6 19. a4 b4 20. Nd1 Bh6+ 21. Ne3 Ke7 22. Bc4 Ne5 23. Nxf7 Kxf7 24. Bf1 Bf4 25. Bh3 Bxh2 26. Re1 Rd8 27. b3 Bf4 28. a5 h5 29. Kb2 Ng4 30. Nxg4 hxg4 31. Bf1 Be5+ 32. Rxe5 fxe5 33. Bxa6 Rd2 34. Bc8 Ke7 35. a6 Rd8 36. Bb7 Bxb7 37. axb7 Rb8 38. Rh1 Kd6 39. Rh7 Kc6 40. Rh5 Rxb7 41. Rxe5 Kd6 42. Re2 Kd5 43. c4+ bxc3+ 44. Kxc3 Rb4 45. Rd2+ Rd4 46. Re2 e5 47. Re3 Rf4 48. Rd3+ Ke4 49. Re3+ Kf5 50. Re2 Rd4 51. Ra2 Rf4 52. Re2 Re4 53. Ra2 Kf4 54. Kd3 Rb4 55. Kc3 Kf3 56. Rc2 e4 57. Ra2 Rd4 58. Ra5 Kxf2 59. Rxc5 Rd3+ 60. Kc4 g3 0-1

[Event "Xmas op U17000"]
[Site "Toronto CAN"]
[Date "2001.12.27"]
[Round "2"]
[White "Karpik, Steve"]
[Black "Love, Bob"]
[Result "1-0"]
[WhiteElo "1522"]
[BlackElo "1648"]
[PlyCount "147"]
[GameId "2160767911484780"]
[EventDate "2001.12.26"]
[EventType "swiss"]
[EventRounds "5"]
[EventCountry "CAN"]

1. Nf3 Nf6 2. g3 d6 3. Bg2 c6 4. c4 Nbd7 5. b4 g6 6. Bb2 Bg7 7. Qb3 O-O 8. O-O a6 9. a4 a5 10. b5 Nc5 11. Qc2 Bf5 12. d3 Rb8 13. Nd4 Bd7 14. bxc6 bxc6 15. Bxc6 Nh5 16. Bxd7 Qxd7 17. Nb5 Bxb2 18. Qxb2 Qg4 19. f3 Qe6 20. d4 Qf6 21. Qc3 Nb7 22. Nd2 d5 23. c5 Rfc8 24. Qe3 Ng7 25. f4 Nd8 26. Qe5 Qa6 27. Nf3 Nf5 28. Rfe1 Nc6 29. Qxd5 Ne3 30. Qb3 Nf5 31. Ng5 Rf8 32. e3 h6 33. Nf3 Nb4 34. g4 Ng7 35. e4 Qc6 36. Rac1 Qd7 37. Ne5 Qc8 38. h3 Kh7 39. Rf1 f6 40. Nd3 Qb7 41. d5 Na6 42. Qc3 Rbd8 43. Qxa5 Ra8 44. Qb6 Nxc5 45. Qxb7 Nxb7 46. Ra1 Na5 47. Nb4 Nb3 48. Ra3 Nc5 49. Nc3 Rfb8 50. Nc6 Rb7 51. a5 Ra6 52. Rd1 Ne8 53. Nd8 Rd7 54. Ne6 Nxe6 55. dxe6 Rxd1+ 56. Nxd1 Nd6 57. Nc3 Nc4 58. Ra4 Nd6 59. f5 gxf5 60. exf5 Kg7 61. Nd5 Kf8 62. Kg2 Ra7 63. Kg3 Nb7 64. Nb6 Rxa5 65. Rxa5 Nxa5 66. Nd7+ Ke8 67. Kh4 Nc6 68. Kh5 Ne5 69. Nc5 Nf3 70. Kxh6 Ng5 71. h4 Nf3 72. Kh5 Kf8 73. Ne4 Kg7 74. g5 1-0

[Event "Xmas op U2100"]
[Site "Toronto CAN"]
[Date "2001.12.28"]
[Round "3"]
[White "Srinivasan, Gajana"]
[Black "Dutton, Warren"]
[Result "1/2-1/2"]
[WhiteElo "1824"]
[BlackElo "1965"]
[PlyCount "38"]
[GameId "2160767911484781"]
[EventDate "2001.12.26"]
[EventType "swiss"]
[EventRounds "5"]
[EventCountry "CAN"]

1. d4 Nf6 2. c4 e6 3. Nc3 c5 4. d5 exd5 5. cxd5 d6 6. Bf4 g6 7. e4 Nbd7 8. f3 a6 9. Bd3 Nh5 10. Be3 Bg7 11. g4 Nhf6 12. f4 Nb6 13. h3 O-O 14. Nf3 Re8 15. Kf2 Bxg4 16. hxg4 Nxg4+ 17. Ke2 Bxc3 18. bxc3 Nxe3 19. Kxe3 Nxd5+ 1/2-1/2